Quiz book on internal combustion engines and gas turbines / (Record no. 190)
[ view plain ]
| 000 -LEADER | |
|---|---|
| fixed length control field | 00591cam a2200229ua 4500 |
| 041 ## - LANGUAGE CODE | |
| Language code of text/sound track or separate title | eng |
| 082 ## - DEWEY DECIMAL CLASSIFICATION NUMBER | |
| Classification number | 621.43 |
| Item number | SUR/QU |
| 100 ## - MAIN ENTRY--AUTHOR NAME | |
| Personal name | Surendra, Prasad . |
| 245 ## - TITLE STATEMENT | |
| Title | Quiz book on internal combustion engines and gas turbines / |
| 250 ## - EDITION STATEMENT | |
| Edition statement | 1 / |
| 260 ## - PUBLICATION, DISTRIBUTION, ETC. (IMPRINT) | |
| Place of publication | New Delhi : |
| Name of publisher | Laxmi Publications , |
| Year of publication | 1988. |
| 300 ## - PHYSICAL DESCRIPTION | |
| Number of Pages | 327 ; . |
| 942 ## - ADDED ENTRY ELEMENTS (KOHA) | |
| Koha item type | Books |
| Withdrawn status | Lost status | Damaged status | Home library | Current library | Date acquired | Full call number | Accession Number | Koha item type |
|---|---|---|---|---|---|---|---|---|
| KAUAET | KAUAET | 07/04/2012 | 621.43 | 18615 | Books | |||
| KAUAET | KAUAET | 07/04/2012 | 621.43 | 18618 | Books | |||
| KAUAET | KAUAET | 07/04/2012 | 621.43 | 18619 | Books | |||
| KAUAET | KAUAET | 07/04/2012 | 621.43 | 18616 | Books | |||
| Withdrawn | Damaged | KAUAET | KAUAET | 07/04/2012 | 621.43 | 18461 | Book Bank scheme for SC students | |
| KAUAET | KAUAET | 19/10/2022 | 621.43 SUR/QU | 18617 | Books |
